000 00754nam a22002417a 4500
003 UA-OsUOA
001 43732
007 ta
008 20070120b un ||||| |||| 00| 0 ukr d
100 _aМоторнюк І.Л.
090 _a82.09
_bМ85
942 _cBK
040 _aUA-OsUOA
_bukr
_cUA-OsUOA
_dUA-OsUOA
245 _a"Гра не без правил" і "правила гри"
_b(Наукові і літературно критичні студії)
300 _a376 с.
955 _a2
041 _aukr
080 _a82.09
020 _a966-613-304-0
260 _aЛьвів
_bВид. центр ім.Івана Франка
_c2004
650 7 _a82 Література. Літературознавство
_2UDC
999 _c329850
_d329850